00493 2200205 4500001002100000005001500021008004100036020002200077035001900099041000600118082000900124090001700133100001000150245003700160250000900197260003400206300002200240500001000262650001500272INLIS00000000000409320241224112839241224||||||||| | ||| |||| ||  a978-979-769-162-2 0010-1224004093 a00 a1.42 a001.42 EMZ m0 aemzir00ametodelogi penelitian pendidikan aed.1 aJakartabRajawali Pressc2010 axvi,280hlm.;21 cm acet.1 0aKarya Umum